Can unused office space solve the housing crisis? (Record no. 121609)

MARC details
000 -LEADER
fixed length control field 01117nam a22002297a 4500
008 - FIXED-LENGTH DATA ELEMENTS--GENERAL INFORMATION
fixed length control field 230718s2021 xxk|||||o|||| 00| 0 eng d
041 ## - LANGUAGE CODE
Language code of text/sound track or separate title eng
110 ## - MAIN ENTRY--CORPORATE NAME
Corporate author Royal Institution of Chartered Surveyors
245 ## - TITLE STATEMENT
Title Can unused office space solve the housing crisis?
Medium [Electronic resource]
260 ## - PUBLICATION INFORMATION
Place of publication London,
Publisher Royal Institution of Chartered Surveyors,
Date 3 June 2021
490 ## - SERIES TITLE
Series statement World Built Environment Forum
520 ## - ABSTRACT
Abstract Article from the WBEF about the changing use of buildings in UK cities, in particular in a post-COVID world.
650 ## - KEYWORDS
Keywords HOUSING
650 ## - KEYWORDS
Keywords OFFICES
651 ## - SUBJECT ADDED ENTRY--GEOGRAPHIC NAME
Geographic name United Kingdom
690 ## - BROAD SUBJECT
9 (RLIN) 6307
Broad subject Built Environment
700 ## - ADDED PERSONAL NAME
Added personal author Clifford, Ben
710 ## - ADDED CORPORATE NAME
Added corporate author Royal Institution of Chartered Surveyors
856 ## - ONLINE RESOURCE
Uniform Resource Identifier <a href="https://www.rics.org/uk/wbef/megatrends/urbanisation/can-unused-office-space-solve-the-housing-crisis/">https://www.rics.org/uk/wbef/megatrends/urbanisation/can-unused-office-space-solve-the-housing-crisis/</a>
Public note Available free on RICS.org
856 ## - ONLINE RESOURCE
Uniform Resource Identifier <a href="https://discovery.ucl.ac.uk/id/eprint/10129216/3/Clifford_03%20June%202021%20-%20Can%20unused%20office%20space%20solve%20the%20housing%20crisis.pdf">https://discovery.ucl.ac.uk/id/eprint/10129216/3/Clifford_03%20June%202021%20-%20Can%20unused%20office%20space%20solve%20the%20housing%20crisis.pdf</a>
Public note Available on UCL discovery with permission from RICS
942 ## - ADDED ENTRY ELEMENTS (KOHA)
Suppress in OPAC Do not suppress in OPAC
Holdings
Lost status Damaged status Not for loan Current library Shelving location Date acquired Total Checkouts Full call number Date last seen Price effective from Koha item type
      Virtual Online 18/07/2023   JOURNAL ARTICLE 18/07/2023 18/07/2023 Journal article